| 000 | 01385nam a2200337 a 4500 | ||
|---|---|---|---|
| 001 | ebr10728855 | ||
| 003 | CaPaEBR | ||
| 006 | m o u | ||
| 007 | cr cn||||||||| | ||
| 008 | 130709s2004 gw sb 000 0deng d | ||
| 020 | _z3937202501 | ||
| 020 | _z9783110327373 | ||
| 020 | _z9783110327717 (e-book) | ||
| 040 |
_aCaPaEBR _cCaPaEBR |
||
| 035 | _a(OCoLC)607253659 | ||
| 050 | 1 | 4 |
_aJA71 _b.K45 2004eb |
| 100 | 1 | _aKelsen, Hans. | |
| 245 | 1 | 2 |
_aA new science of politics _h[electronic resource] : _bHans Kelsen's reply to Eric Voegelin's "New Science of Politics" : a contribution to the critique of ideology / _cHans Kelsen ; edited by Eckhart Arnold. |
| 260 |
_aFrankfurt : _bOntos Verlag, _c2004. |
||
| 300 | _a137 p. | ||
| 490 | 1 |
_aPractical philosophy ; _vv. 6 |
|
| 504 | _aIncludes bibliographical references. | ||
| 533 |
_aElectronic reproduction. _bPalo Alto, Calif. : _cebrary, _d2013. _nAvailable via World Wide Web. _nAccess may be limited to ebrary affiliated libraries. |
||
| 600 | 1 | 0 |
_aVoegelin, Eric, _d1901-1985. _tNew science of politics. |
| 650 | 0 | _aPolitical science. | |
| 655 | 7 |
_aElectronic books. _2local |
|
| 700 | 1 | _aArnold, Eckhart. | |
| 710 | 2 | _aebrary, Inc. | |
| 830 | 0 |
_aPractical philosophy ; _vBd. 6. |
|
| 856 | 4 | 0 |
_uhttp://site.ebrary.com/lib/rucke/Doc?id=10728855 _zAn electronic book accessible through the World Wide Web; click to view |
| 999 |
_c37393 _d37393 |
||